000 00323nam a22001337a 4500
008 170503b xxu||||| |||| 00| 0 eng d
020 _a2901133049653
041 _aeng
080 _213 ED
_a343.9
100 _a13
101 _aSHJ
245 _aTHE AMERICAN SYSTE, OF CRIMINAL JUSTICE
_cCOLE.G.F
942 _2udc
_cBK
999 _c12529
_d12529